François Hartog et Jacques Revel, eds, Les Usages politiques du passé, Paris, Éditions de l’École des hautes études en sciences sociales, 2001, 206 p., index (« Enquête » 1) (notice n° 1643274)

détails MARC
000 -LEADER
fixed length control field 00590cam a2200145 4500500
005 - DATE AND TIME OF LATEST TRANSACTION
control field 20260201164401.0
041 ## - LANGUAGE CODE
Language code of text/sound track or separate title fre
042 ## - AUTHENTICATION CODE
Authentication code dc
100 10 - MAIN ENTRY--PERSONAL NAME
Personal name Payen, Pascal
Relator term author
245 00 - TITLE STATEMENT
Title François Hartog et Jacques Revel, eds, Les Usages politiques du passé, Paris, Éditions de l’École des hautes études en sciences sociales, 2001, 206 p., index (« Enquête » 1)
260 ## - PUBLICATION, DISTRIBUTION, ETC.
Date of publication, distribution, etc. 2003.<br/>
500 ## - GENERAL NOTE
General note 66
786 0# - DATA SOURCE ENTRY
Note L'Homme | 165 | 1 | 2003-03-01 | p. 309a-348a | 0439-4216
856 41 - ELECTRONIC LOCATION AND ACCESS
Uniform Resource Identifier <a href="https://shs.cairn.info/revue-l-homme-2003-1-page-309a?lang=fr&redirect-ssocas=7080">https://shs.cairn.info/revue-l-homme-2003-1-page-309a?lang=fr&redirect-ssocas=7080</a>

Pas d'exemplaire disponible.

PLUDOC

PLUDOC est la plateforme unique et centralisée de gestion des bibliothèques physiques et numériques de Guinée administré par le CEDUST. Elle est la plus grande base de données de ressources documentaires pour les Étudiants, Enseignants chercheurs et Chercheurs de Guinée.

Adresse

627 919 101/664 919 101

25 boulevard du commerce
Kaloum, Conakry, Guinée

Réseaux sociaux

Powered by Netsen Group @ 2025